DISCOUNTED CASH FLOW A THEORY OF THE VAL (Record no. 20269)
[ view plain ]
| 000 -LEADER | |
|---|---|
| fixed length control field | 00342nam a2200133Ia 4500 |
| 008 - FIXED-LENGTH DATA ELEMENTS--GENERAL INFORMATION | |
| fixed length control field | 240624s9999 xx 000 0 und d |
| 041 ## - LANGUAGE CODE | |
| Language code of text/sound track or separate title | eng |
| 082 ## - DEWEY DECIMAL CLASSIFICATION NUMBER | |
| Classification number | 658.15 KRU |
| 100 ## - MAIN ENTRY--PERSONAL NAME | |
| Personal name | KRUSCHWITZ LUTZ |
| 245 ## - TITLE STATEMENT | |
| Title | DISCOUNTED CASH FLOW A THEORY OF THE VAL |
| 260 ## - PUBLICATION, DISTRIBUTION, ETC. | |
| Date of publication, distribution, etc. | 2005 |
| Place of publication, distribution, etc. | Chichester |
| Name of publisher, distributor, etc. | John Wiley & Sons |
| 300 ## - PHYSICAL DESCRIPTION | |
| Extent | 178 : p. |
| 365 ## - TRADE PRICE | |
| Currency code | |
| Price amount | 30 |
| Withdrawn status | Lost status | Damaged status | Not for loan | Home library | Current library | Shelving location | Date acquired | Source of acquisition | Cost, normal purchase price | Total Checkouts | Total Renewals | Full call number | Barcode | Date last seen | Date last checked out | Copy number | Price effective from | Koha item type |
|---|---|---|---|---|---|---|---|---|---|---|---|---|---|---|---|---|---|---|
| IMTN | IMTN | Rack 24-A | 11/08/2012 | IBH | 80.00 | 1 | 1 | 658.15 KRU | 20269 | 09/01/2025 | 08/09/2025 | 55.9 | 06/24/2024 | Books |